000 00659nam a2200217Ia 4500
001 19394
003 GE_BSU
008 181216s||||||||xx |||||||||||||| ||und||
040 _cGE_BSU
245 _aГосударство и право. №10. 2016. Октябрь
245 _cГл.ред.А.С.Автономов
250 _aРоссийская академия наук
260 _aМосква
260 _bНаука
260 _c2016
300 _a128 стр. 29см.
653 _aГосударство и право. №10. 2016. Октябрь
653 _aПериодика
653 _aპერიოდიკა
942 _cCR
999 _c52374
_d52374